Zosľachťovanie a kontrola kvality materiálov /

Uložené v:
Podrobná bibliografia
Hlavní autori: Zábavník, Viktor, 1933- (Author), Buršák, Marián, 1949- (Author)
Médium: Kniha
Jazyk:Slovak
Vydané: Košice : Technická univerzita, 2004
Vydanie:1. vyd.
Edícia:Edícia vedeckej a odbornej literatúry
Témy:
ISBN: 8080730717 (viaz.)
Fyzický popis: 281 s. : grafy, sch., tab. ; 24 cm
Tagy: Pridať tag
Žiadne tagy, Buďte prvý kto otaguje tento záznam!

MARC

LEADER 00000nam a2200000 a 4500
001 000002913
005 20040908130428.0
008 040611s2004 xo a e b 000 0 sloo
020 |a 8080730717 (viaz.) 
040 |a SVKKK  |b slo  |c SVKKK  |e AACR2 
041 0 |a slo 
044 |a xo  |c SK 
072 7 |a 620.1/.2  |x Náuka o materiáli  |2 konspekt 
080 |a 669.14  |2 1997 
080 |a 620.22  |2 1997 
080 |a 621.78  |2 1997 
080 |a 620.1  |2 1997 
080 |a 658.56  |2 1997 
080 |a 669-157.9  |2 1997 
080 |a (075.8)  |2 1997 
100 1 |a Zábavník, Viktor,  |d 1933-  |4 aut 
245 1 0 |a Zosľachťovanie a kontrola kvality materiálov /  |c Viktor Zábavník, Marián Buršák 
250 |a 1. vyd. 
260 |a Košice :  |b Technická univerzita,  |c 2004 
300 |a 281 s. :  |b grafy, sch., tab. ;  |c 24 cm 
366 |e 150 výtl. 
440 0 |a Edícia vedeckej a odbornej literatúry 
504 |a Bibliografia s. 272-279. Obsahuje prílohy, opravy 
650 0 7 |a ocele  |2 SVKKKPH 
650 0 7 |a tepelné spracovanie  |2 SVKKKPH 
650 0 7 |a chemicko-tepelné spracovanie  |2 SVKKKPH 
650 0 7 |a kontrola kvality  |2 SVKKKPH 
650 0 7 |a zošľachtené materiály  |2 SVKKKPH 
650 0 7 |a materiálové inžinierstvo  |2 SVKKKPH 
655 7 |a učebnice vysokých škôl  |2 SVKKKPH 
700 1 |a Buršák, Marián,  |d 1949-  |4 aut 
919 |a 80-8073-071-7 
998 |a BK 
090 |g SCKHL  |k Sklad Pribinova prízemie  |a IV.190971  |j 961959  |i 2720023989  |s Absenčne 
090 |g SCKHL  |k Sklad Pribinova prízemie  |a IV.190972  |j 961960  |i 2720023988  |s Absenčne 
090 |g SCKHL  |k Sklad Pribinova prízemie  |a IV.190973  |j 961961  |i 2720023987  |s Absenčne